00908nam a2200241 a 450000100060000000300080000600500170001400800410003103500190007204000270009104100080011808200250012610000430015124501440019426000400033830000210037849000470039950000570044650400370050365100490054065100360058974000410062542085BD-RjUL20211209053506.0160609s1969 gau b 001 0 eng  a(BD-RjUL)42203 aDLCcDLCdBD-RjULbeng aeng00a327.73223bRAL 19691 aRadway, Laurence I.q(Laurence Ingram)14aThe liberal democracy in world affairs :bforeign policy and national defense /cLaurence I. Radway. With an introd. by Thomas J. McIntyre. aAtlanta :bScott, Foresman ;cc1969 a207 p. ;c22 cm.0 aScott, Foresman American government series aTitle on spine: Foreign policy and national defense. aIncludes index and bibliography. 0aUnited StatesxForeign relationsy1945-1989. 0aUnited StatesxMilitary policy. aForeign policy and national defense.